[Event "Michigan op-ch"]
[Site "Lansing"]
[Date "2009.09.06"]
[Round "3"]
[White "Sanetullaev, Alisher"]
[Black "Obukhov, Dmitriy"]
[Result "1/2-1/2"]
[WhiteElo "2106"]
[BlackElo "2208"]
[PlyCount "138"]
[EventDate "2009.09.04"]
[EventType "swiss"]
[EventRounds "7"]
[EventCountry "USA"]
[SourceTitle "EXT 2015"]
[Source "ChessBase"]
[SourceDate "2014.11.20"]
[SourceVersion "1"]
[SourceVersionDate "2014.11.20"]
[SourceQuality "1"]

1. d4 Nf6 2. c4 e6 3. Nc3 Bb4 4. e3 b6 5. Nge2 Bb7 6. a3 Be7 7. Ng3 d5 8. cxd5 exd5 9. Bd3 0-0 10. Nf5 Re8 11. Nxe7+ Qxe7 12. Ne2 a5 13. Ng3 Ba6 14. Bc2 Ne4 15. f3 Nd6 16. Kf2 Qh4 17. Re1 Nd7 18. Kg1 Nf6 19. b3 a4 20. bxa4 Nh5 21. Nxh5 Qxh5 22. Qd2 f5 23. Qc3 Qf7 24. a5 bxa5 25. Qxa5 Bd3 26. Qc3 Bxc2 27. Qxc2 Ra6 28. Rb1 Rea8 29. Rb3 Nc4 30. e4 fxe4 31. fxe4 dxe4 32. Qxe4 Nd2 33. Bxd2 Qxb3 34. Bb4 Qf7 35. Rf1 Qd7 36. Qd3 Rg6 37. Qf3 Qxd4+ 38. Kh1 Qd8 39. Be7 Qe8 40. Qd5+ Kh8 41. Rf8+ Qxf8 42. Bxf8 Rxf8 43. g3 Rd6 44. Qc5 Rc8 45. a4 Rd2 46. Qc3 Ra2 47. Qc4 Rd2 48. Qc3 Rd1+ 49. Kg2 c5 50. Qc4 Rd4 51. Qe6 Rdd8 52. Qc4 h6 53. h4 Rc7 54. Qf4 Rdc8 55. Qc4 Ra7 56. g4 Rca8 57. Qxc5 Rxa4 58. Qf5 Ra2+ 59. Kf3 R2a3+ 60. Ke2 Rh3 61. Qd5 Rha3 62. g5 R3a5 63. Qc6 R5a6 64. Qd7 Kh7 65. Qd3+ Kh8 66. Qd7 Rb8 67. Kf3 Rb3+ 68. Kg4 Rb4+ 69. Kf5 Rb8 1/2-1/2

[Event "Michigan Master/Expert"]
[Site "Auburn Hills"]
[Date "2005.01.16"]
[Round "3.2"]
[White "Obukhov, Dmitriy"]
[Black "Mazuchowski, Tom"]
[Result "1-0"]
[WhiteElo "2179"]
[BlackElo "2000"]
[PlyCount "91"]
[EventDate "2005.01.15"]
[EventType "tourn"]
[EventRounds "5"]
[EventCountry "USA"]
[SourceTitle "EXT 2006"]
[Source "ChessBase"]
[SourceDate "2005.11.24"]
[SourceVersion "1"]
[SourceVersionDate "2005.11.24"]
[SourceQuality "1"]

1. d4 Nf6 2. c4 g6 3. Nc3 Bg7 4. e4 d6 5. f3 0-0 6. Be3 a6 7. Qd2 c5 8. dxc5 dxc5 9. Qxd8 Rxd8 10. Bxc5 Nc6 11. Rd1 Be6 12. Nd5 Bxd5 13. cxd5 Nd7 14. Ba3 Nd4 15. Bd3 Rac8 16. Ne2 e5 17. Nxd4 exd4 18. Be7 Re8 19. Bg5 h6 20. Bh4 f5 21. Kd2 Be5 22. Bg3 f4 23. Bf2 Kf7 24. Rc1 Nc5 25. Rc2 a5 26. Rhc1 b6 27. Rc4 Ke7 28. Bxd4 Kd6 29. Bxe5+ Rxe5 30. b3 Ra8 31. Be2 Rh5 32. h3 Rg5 33. Bf1 Re5 34. R1c2 Re7 35. Ke1 Rc7 36. a3 Rac8 37. b4 axb4 38. axb4 Nd7 39. Rxc7 Rxc7 40. Rxc7 Kxc7 41. Kd2 Ne5 42. Kc3 Kd6 43. Kd4 Nf7 44. Bb5 g5 45. Bc6 Ne5 46. Be8 1-0

[Event "Lansing op"]
[Site "Lansing"]
[Date "2004.09.04"]
[Round "3"]
[White "Obukhov, Dmitriy"]
[Black "Homa, Seth"]
[Result "0-1"]
[WhiteElo "2169"]
[BlackElo "1959"]
[PlyCount "72"]
[EventDate "2004.09.03"]
[EventType "swiss"]
[EventRounds "7"]
[EventCountry "USA"]
[SourceTitle "EXT 2007"]
[Source "ChessBase"]
[SourceDate "2006.11.23"]
[SourceVersion "1"]
[SourceVersionDate "2006.11.23"]
[SourceQuality "1"]

1. d4 Nf6 2. c4 e6 3. Nc3 d5 4. Bg5 Be7 5. e3 h6 6. Bxf6 Bxf6 7. Nf3 c6 8. cxd5 exd5 9. Bd3 0-0 10. Qc2 Re8 11. 0-0 Bg4 12. Nd2 Nd7 13. b4 a6 14. h3 Be6 15. a4 Rc8 16. Nb3 Rc7 17. Rab1 Nf8 18. Nc5 Be7 19. Rfc1 Bd6 20. e4 dxe4 21. Bxe4 Qg5 22. Nxb7 Rxb7 23. Bxc6 Bf5 24. Qd1 Bxb1 25. Rxb1 Rc7 26. Bxe8 Rxc3 27. b5 axb5 28. axb5 Ne6 29. b6 Nxd4 30. Kf1 Qc5 31. b7 Qc4+ 32. Kg1 Ne2+ 33. Kf1 Nf4+ 34. Kg1 Qe4 35. f3 Ne2+ 36. Kf2 Qe3+ 0-1

[Event "Auburn Hills op"]
[Site "Auburn Hills"]
[Date "2004.04.18"]
[Round "3"]
[White "Obukhov, Dmitriy"]
[Black "Calton, Bill J"]
[Result "0-1"]
[WhiteElo "2140"]
[BlackElo "2240"]
[PlyCount "76"]
[EventDate "2004.04.17"]
[EventType "swiss"]
[EventRounds "5"]
[EventCountry "USA"]
[SourceTitle "EXT 2008"]
[Source "ChessBase"]
[SourceDate "2007.11.25"]
[SourceVersion "1"]
[SourceVersionDate "2007.11.25"]
[SourceQuality "1"]

1. d4 e6 2. c4 d5 3. Nf3 c5 4. cxd5 exd5 5. Nc3 Nc6 6. e3 c4 7. Qa4 Bd7 8. Qc2 Bb4 9. g3 Nge7 10. Bg2 0-0 11. 0-0 Bf5 12. Qa4 a6 13. Ne5 Bxc3 14. Nxc6 Nxc6 15. bxc3 b5 16. Qa3 Be4 17. f3 Bd3 18. Re1 f5 19. Qc5 Qd7 20. Ba3 Rfe8 21. Qd6 Rad8 22. Qf4 h6 23. h4 a5 24. e4 fxe4 25. fxe4 dxe4 26. Bxe4 Bxe4 27. Rxe4 Rxe4 28. Qxe4 Re8 29. Qg2 Re3 30. Rf1 b4 31. d5 Qg4 32. Rf4 Qd1+ 33. Rf1 Qd3 34. dxc6 Rxg3 35. c7 Rxg2+ 36. Kxg2 Qg6+ 37. Kh2 Qd6+ 38. Kg1 Qc5+ 0-1

[Event "Auburn Hills op"]
[Site "Auburn Hills"]
[Date "2004.04.17"]
[Round "1"]
[White "Obukhov, Dmitriy"]
[Black "Mazuchowski, Tom"]
[Result "1-0"]
[WhiteElo "2118"]
[BlackElo "2000"]
[PlyCount "65"]
[EventDate "2004.04.17"]
[EventType "swiss"]
[EventRounds "5"]
[EventCountry "USA"]
[SourceTitle "EXT 2008"]
[Source "ChessBase"]
[SourceDate "2007.11.25"]
[SourceVersion "1"]
[SourceVersionDate "2007.11.25"]
[SourceQuality "1"]

1. d4 Nf6 2. c4 g6 3. Nc3 Bg7 4. e4 d6 5. f3 0-0 6. Be3 a6 7. Qd2 Nbd7 8. Bd3 c5 9. Nge2 cxd4 10. Nxd4 e6 11. 0-0 Qc7 12. Rac1 b6 13. Rfd1 Bb7 14. Bf1 Rfc8 15. Qf2 Rab8 16. b4 Qd8 17. Nb3 Ne8 18. a4 Qe7 19. a5 b5 20. cxb5 Rxc3 21. Rxc3 Bxc3 22. bxa6 Bxa6 23. Bxa6 Rxb4 24. Qc2 Bf6 25. Bf1 Kg7 26. a6 Qd8 27. a7 Nb6 28. Bh6+ Kg8 29. Bd2 Ra4 30. Ba5 Rxa5 31. Nxa5 Na8 32. Qc6 Be5 33. Nc4 1-0

[Event "Warren Universal Fall op"]
[Site "Warren"]
[Date "2003.10.11"]
[Round "4"]
[White "Obukhov, Dmitriy"]
[Black "Finegold, Benjamin"]
[Result "0-1"]
[WhiteElo "2059"]
[BlackElo "2539"]
[PlyCount "50"]
[EventDate "2003.10.11"]
[EventType "swiss"]
[EventRounds "7"]
[EventCountry "USA"]
[SourceTitle "EXT 2009"]
[Source "ChessBase"]
[SourceDate "2008.11.26"]
[SourceVersion "1"]
[SourceVersionDate "2008.11.26"]
[SourceQuality "1"]

1. d4 Nc6 2. c4 e5 3. d5 Nce7 4. Nc3 Ng6 5. Nf3 Nf6 6. g3 Bb4 7. Qc2 c6 8. dxc6 dxc6 9. Bg5 Be6 10. a3 Be7 11. Ne4 Nxe4 12. Bxe7 Qxe7 13. Qxe4 f5 14. Qc2 e4 15. Nd4 Ne5 16. Bg2 0-0-0 17. Nxe6 Qxe6 18. c5 Nd3+ 19. Kf1 Ne5 20. Bh3 g5 21. g4 fxg4 22. Bg2 e3 23. fxe3 Nc4 24. Ke1 Nxe3 25. Qe4 Rhe8 0-1

[Event "Warren Bottom-Half op"]
[Site "Warren"]
[Date "2003.06.22"]
[Round "5"]
[White "Obukhov, Dmitriy"]
[Black "Finegold, Benjamin"]
[Result "0-1"]
[WhiteElo "2030"]
[BlackElo "2539"]
[PlyCount "48"]
[EventDate "2003.06.21"]
[EventType "swiss"]
[EventRounds "5"]
[EventCountry "USA"]
[SourceTitle "EXT 2008"]
[Source "ChessBase"]
[SourceDate "2007.11.25"]
[SourceVersion "1"]
[SourceVersionDate "2007.11.25"]
[SourceQuality "1"]

1. d4 d5 2. c4 Bf5 3. Nc3 e6 4. cxd5 exd5 5. Nf3 c6 6. Bf4 Nf6 7. e3 Qb6 8. Qb3 Nbd7 9. Qxb6 axb6 10. Ne5 Bb4 11. Nxd7 Kxd7 12. f3 Ra3 13. 0-0-0 Ra5 14. g4 Bg6 15. h4 h6 16. Rh2 Rha8 17. Rdd2 Rxa2 18. Nxa2 Rxa2 19. Bd3 Bxd2+ 20. Rxd2 Ra1+ 21. Kc2 Rf1 22. Bxg6 fxg6 23. g5 hxg5 24. hxg5 Nh5 0-1

[Event "Warren action op"]
[Site "Warren"]
[Date "2001.12.08"]
[Round "1"]
[White "Obukhov, Dmitriy"]
[Black "Johnson, Johnny R"]
[Result "1/2-1/2"]
[WhiteElo "2079"]
[BlackElo "1476"]
[PlyCount "42"]
[EventDate "2001.12.08"]
[EventType "swiss (rapid)"]
[EventRounds "6"]
[EventCountry "USA"]
[SourceTitle "EXT 2007"]
[Source "ChessBase"]
[SourceDate "2006.11.23"]
[SourceVersion "1"]
[SourceVersionDate "2006.11.23"]
[SourceQuality "1"]

1. d4 Nf6 2. c4 c6 3. Nc3 e6 4. e4 d6 5. Be3 Be7 6. g3 Qa5 7. Bg2 Qb4 8. Qb3 Na6 9. Nge2 Qxb3 10. axb3 Nb4 11. 0-0-0 Ng4 12. Kd2 h5 13. f4 Nxe3 14. Kxe3 g5 15. e5 d5 16. Nc1 Bd7 17. Bf1 gxf4+ 18. gxf4 0-0-0 19. Bh3 f5 20. exf6 Bxf6 21. N3e2 Nc2+ 1/2-1/2